Healthy living : (Record no. 85090)

MARC details
000 -LEADER
fixed length control field 00539nam a22001817a 4500
005 - DATE AND TIME OF LATEST TRANSACTION
control field 20140619123732.0
010 ## - LCCN (DPL NO)
LC control number ENG-110240
020 ## - INTERNATIONAL STANDARD BOOK NUMBER
International Standard Book Number 9788122205732
Terms of availability 195.00
035 ## - SYSTEM CONTROL NUMBER
System control number EN-93772
037 ## - SOURCE OF ACQUISITION
Source of stock number/acquisition DBAD/PUB
082 ## - DEWEY DECIMAL CLASSIFICATION NUMBER
Classification number 615.5
245 ## - TITLE STATEMENT
Title Healthy living :
Remainder of title according to Gandhi /
260 ## - PUBLICATION, DISTRIBUTION, ETC. (IMPRINT)
Place of publication, distribution, etc New Delhi
Name of publisher, distributor, etc Orient Publishing
Date of publication, distribution, etc 2014
270 ## - ADDRESS
Address 5A/8 Ansari Road, Darya Ganj
City New Delhi
Postal code 110002
300 ## - PHYSICAL DESCRIPTION
Extent 160p.
Dimensions 22cm(pbk)
500 ## - GENERAL NOTE
General note Includes bibliographical references
942 ## - ADDED ENTRY ELEMENTS (KOHA)
Source of classification or shelving scheme Dewey Decimal Classification
Item type English Books
Call number suffix HEA
Classification part 615.5
Holdings
Withdrawn status Lost status Not for loan Collection code Home library Current library Date acquired Source of acquisition Cost, normal purchase price Full call number Barcode Copy number Cost, replacement price Koha item type
    Not For Loan Non-fiction D.B.Act.Division D.B.Act.Division 12/06/2014 ENG-110240 195.00 615.5 HEA EN-93772 1 195.00 English Books

© Delhi Public Library
Hit Counter
free hit counter